000 00519nam a22002057a 4500
001 nam a22 7a 4500
003 OSt
005 20211015102224.0
007 nam a22 7a 4500
008 211015b |||||||| |||| 00| 0 eng d
010 _anam a22 7a 4500
020 _a8126113375
040 _cHU
082 _a572.8/RAJ/2003
100 _aRajan S. Sundara
_913865
245 _aIntroduction to Molecular Biology
260 _aNew Delhi
_b572.8/RAJ/2003
_c2003
300 _a395p
942 _2ddc
_cBOOKS
_n0
999 _c12941
_d12941